000 00469nam a2200169Ia 4500
008 230917s9999||||xx |||||||||||||| ||und||
020 _cRS500
040 _e243949
_aMAIN
041 _aEnglish
082 _a785 S23B
100 _aSharma, Veena
245 0 _aHindustani sangeet mein tantra vadakon ka yogdan
260 _aNew Delhi
_bKanishka Publishers
_c2008
300 _axii, 191 p.
500 _a2973 12/12/2017 HBD17/7115 12/12/2017 Main Budget
942 _cBK
999 _c24963
_d24963